000 00397nam a2200133Ia 4500
008 100328s9999 xx 000 0 und d
082 _b63170
100 _aपाटील नेताजी.
245 _aप्रकाशयात्री.
260 _bअनघा.
630 _aप्रकाशयात्री.
730 _aप्रकाशयात्री.
942 _cBOOK
999 _c549085
_d549082